[Event "Medellin Flores op 30th"]
[Site "Medellin"]
[Date "2023.08.06"]
[Round "6"]
[White "Avila Palacio, Edgar"]
[Black "Lopez Mallen, Neudys Enmanuel"]
[Result "0-1"]
[WhiteElo "1279"]
[BlackElo "1933"]
[PlyCount "99"]
[EventDate "2023.08.03"]
[EventType "swiss"]
[EventRounds "9"]
[EventCountry "COL"]
[SourceTitle "EXT 2024"]
[Source "ChessBase"]
[SourceDate "2023.10.10"]
[SourceVersion "1"]
[SourceVersionDate "2023.10.10"]
[SourceQuality "1"]

1. d4 f5 2. Bg5 Nf6 3. Bxf6 exf6 4. e3 d5 5. c4 c6 6. Nc3 Bb4 7. Qb3 Bxc3+ 8. bxc3 f4 9. cxd5 cxd5 10. Bd3 fxe3 11. fxe3 0-0 12. Ne2 Re8 13. e4 Be6 14. exd5 Bxd5 15. Qc2 f5 16. 0-0 Qg5 17. Nf4 Bf7 18. Bxf5 g6 19. Be4 Nc6 20. a4 Rac8 21. Qd3 Na5 22. Rf3 Nb3 23. Re1 Bc4 24. Qd1 b6 25. g3 Qa5 26. h4 Bf7 27. Bc2 Rxe1+ 28. Qxe1 Nxd4 29. Rf2 Qxc3 30. Qxc3 Rxc3 31. Be4 Rxg3+ 32. Kh2 Ra3 33. h5 Rxa4 34. hxg6 hxg6 35. Bb7 Kg7 36. Nd3 Rc4 37. Ba6 Rc2 38. Kg3 Rxf2 39. Kxf2 Ne6 40. Nb4 Nc5 41. Be2 a5 42. Nc2 a4 43. Ke3 Kf6 44. Nb4 a3 45. Kd4 a2 46. Nxa2 Bxa2 47. Kc3 Bd5 48. Kd4 Ne6+ 49. Kc3 g5 50. Kb2 0-1

[Event "Rivera Huila Hernandez Memorial-B"]
[Site "Rivera Huila"]
[Date "2023.07.21"]
[Round "3"]
[White "Lopez Mallen, Neudys Enmanuel"]
[Black "Rosales, Jhon Mike"]
[Result "1/2-1/2"]
[WhiteElo "1905"]
[BlackElo "1737"]
[PlyCount "115"]
[EventDate "2023.07.20"]
[EventType "swiss"]
[EventRounds "7"]
[EventCountry "COL"]
[SourceTitle "CBM 215 Extra"]
[Source "ChessBase"]
[SourceDate "2023.09.30"]
[SourceVersion "1"]
[SourceVersionDate "2023.09.30"]
[SourceQuality "1"]

1. e4 e6 2. d3 d5 3. Nd2 c5 4. Ngf3 b6 5. g3 Bb7 6. Bg2 Bd6 7. 0-0 Ne7 8. Re1 Nd7 9. Qe2 d4 10. Nc4 Bc7 11. a4 a6 12. Bf4 Bxf4 13. gxf4 Qc7 14. f5 e5 15. Ng5 Nf6 16. f4 Nc6 17. Qf3 b5 18. Nxe5 Nxe5 19. fxe5 Qxe5 20. Qh3 0-0 21. Rf1 h6 22. Nf3 Qe7 23. Rae1 Nh7 24. Qh5 Ng5 25. Nxg5 Qxg5 26. Qxg5 hxg5 27. f6 Bc8 28. a5 Be6 29. e5 Ra7 30. Be4 Rd8 31. Re2 c4 32. Bf5 Bd5 33. Bh3 Rc7 34. fxg7 Kxg7 35. Rf6 cxd3 36. cxd3 Rc6 37. Rxc6 Bxc6 38. Rc2 Bd5 39. Rc5 Kg6 40. Bc8 Bb3 41. Kf2 Re8 42. Bxa6 Ra8 43. Rxb5 Rxa6 44. Rxb3 Rxa5 45. Rb4 Rd5 46. Kf3 Kf5 47. Rb7 Rxe5 48. Rxf7+ Ke6 49. Rb7 Re3+ 50. Kg4 Rxd3 51. Kxg5 Rh3 52. Rb4 Kd5 53. Kg4 Rxh2 54. Kf3 d3 55. Rb8 Kc4 56. Ke3 Re2+ 57. Kf3 Re5 58. Rc8+ 1/2-1/2